000150399 001__ 150399
000150399 005__ 20251017144639.0
000150399 0248_ $$2sideral$$a142482
000150399 037__ $$aART-1998-142482
000150399 041__ $$aspa
000150399 100__ $$0(orcid)0000-0003-3459-5965$$aPallarés Jiménez, Miguel Ángel
000150399 245__ $$aLa bula "Sancti Spiritus in Saxia", incunable desconocido de Guillén de Brocar
000150399 260__ $$c1998
000150399 5060_ $$aAccess copy available to the general public$$fUnrestricted
000150399 5203_ $$aa presencia en Pamplona de Arnaldo Guillén de Brocar a finales del siglo L_, iba a brindar a esta capital la oportunidad de gozar de una oficina tipográfica en la etapa más valorada por la bibliofilia, la de los primeros im- presos, los incunables. Instalado en la ciudad del Arga hacia 1490, su estancia coincide con un periodo de paz que se inserta en la agitada época bajo- medieval del reino de Navarra; en 1501 se trasladaría a Logroño, y después, a Alcalá de Henares, Valladolid, Toledo y Burgos'. Si la reputación de nuestro impresor, hasta su muerte en 1523, fue enorme, no deja de ser admirable que apenas tengamos noticias biográficas de su persona, y sólo gracias a fuentes indirectas sepamos algo más sobre su vida familiar v de la dinámica laboral de su taller2. Ni siquiera su origen nos es del todo conocido, lo que ha hecho que los especialistas especularan sobre su lugar de nacimiento; según Konrad Haebler, era oriundo de un lugar de las Landas3 (Francia), Broc o Le Brocar, en la comarca francesa de Orthez, al oeste de Pau; esta opinión se ha mantenido hasta hoy.
000150399 540__ $$9info:eu-repo/semantics/openAccess$$aby-nc$$uhttps://creativecommons.org/licenses/by-nc/4.0/deed.es
000150399 655_4 $$ainfo:eu-repo/semantics/article$$vinfo:eu-repo/semantics/publishedVersion
000150399 773__ $$g59, 213 (1998), 295-306$$pPrínc. Viana$$tPríncipe de Viana$$x0032-8472
000150399 8564_ $$s623347$$uhttps://zaguan.unizar.es/record/150399/files/texto_completo.pdf$$yVersión publicada
000150399 8564_ $$s2029274$$uhttps://zaguan.unizar.es/record/150399/files/texto_completo.jpg?subformat=icon$$xicon$$yVersión publicada
000150399 909CO $$ooai:zaguan.unizar.es:150399$$particulos$$pdriver
000150399 951__ $$a2025-10-17-14:30:55
000150399 980__ $$aARTICLE